00583 a2200181 4500001000700000020001800007041000800025082000800033100001800041260000900059520010400068856002400172040001500196050002500211245008300236300005300319700002900372117015 a9780807534816 aeng a[E] aLears, Laurie c1998 aA young girl realizes how much she cares for her autistic brother Ian when he gets lost at the park u000028/00002899.jpg cPStdWaOLN aPZ7.L46365bIan 199810aIan's walk ba story about autism cLaurie Lears ; illustrations by Karen Ritz a1 volume (unpaged) bcolor illustrations c27 cm aRitz, Kareneillustrator